000 00625nam a2200229Ia 4500
003 OSt
005 20220925211324.0
006 a|||||r|||| 00| 0
007 ta
008 220923b |||||||| |||| 00| 0 eng d
037 _cGeneral Book
040 _aRTL
_cRTL
_beng
041 _2eng
_aeng
082 _aX:8F.252.N62<N49r, K2
110 _aPURTABPORE COMPANY LTD
_9274352
245 0 _aReport & accounts.
260 _aKanpur
_bPCL
_c1962
300 _av.p.
_ccm.
700 _aPURTABPORE COMPANY LTD
_9274353
942 _hX:8F.252.N62<N49r, K2
_cGB
_2CC
999 _c557344
_d557344